000 00591nam a22002177a 4500
003 URS
005 20230411093751.0
008 160720b xxu||||| |||| 00| 0 eng d
040 _aURS
041 _aeng
050 0 0 _aB 791
_b.Ad95 2000
110 _aTeam of Experts
245 1 0 _aAdvanced learner's dictionary of philosophy
264 1 _aNew Delhi
_bAnmol Publications
_c©2000
300 _a276 pages ;
_c24 cm
336 _2rdacontent
_atext
337 _2rdamedia
_aunmediated
338 _2rdacarrier
_avolume
650 0 _aPhilosophy, Modern -- Dictionaries.
942 _2lcc
_cREF
999 _c69151
_d69150